LEADER 00825nam0-22002651i-450- 001 990004215590403321 005 19990530 035 $a000421559 035 $aFED01000421559 035 $a(Aleph)000421559FED01 035 $a000421559 100 $a19990530d1950----km-y0itay50------ba 101 0 $aeng 105 $ay-------001ay 200 1 $a<>Trumpet-major$eJohn Loveday a soldier in the war with Buonaparte$eand Robert his brother$efirst mate in the merchant service$ea tale$fby Thomas Hardy 210 $aLondon$cMacmillan$d1950 215 $aX, 374 p.$d22 cm 700 1$aHardy,$bThomas$f<1840-1928>$0142510 801 0$aIT$bUNINA$gRICA$2UNIMARC 901 $aBK 912 $a990004215590403321 952 $aP.3 BR.C.312$bBibl.32708$fFLFBC 959 $aFLFBC 996 $aTrumpet-Major$999902 997 $aUNINA LEADER 00871nam0-2200325---450 001 990010006110403321 005 20210521113950.0 010 $a0387096205 035 $a001000611 035 $aFED01001000611 035 $a(Aleph)001000611FED01 035 $a001000611 100 $a20151016d1980----km-y0itay50------ba 101 0 $aeng 102 $aDE 105 $a--------001yy 200 1 $aDiffusion and ecological problems$emathematical models$fAkira Okubo 210 $aBerlin$cSpringer$d1980 215 $aXIII, 254 p.$d25 cm 225 1 $aUniversitext$v10 676 $a577.01$v22$zita 700 1$aOkubo,$bAkira$0295751 801 0$aIT$bUNINA$gRICA$2UNIMARC 901 $aBK 912 $a990010006110403321 952 $aC-42-(10$b5365$fMA1 959 $aFAGBC 959 $aMA1 996 $aDiffusion and ecological problems$9380206 997 $aUNINA LEADER 02734ngm 2200685 a 450 001 9910887856503321 005 20240605165658.0 035 $a(CKB)3810000000284216 035 $a(UkLoHST)4110 035 $a(OCoLC)971309986 035 $a(UkLoHST)HST4929 035 $a(EXLCZ)993810000000284216 071 50$a4929$bHenry Stewart Talks 100 $a20200107d2019 || v 101 0 $aeng 135 $aur|n||||||||a 181 $ctdi$2rdacontent 182 $cv$2rdamedia 182 $cc$2rdamedia 183 $avz$2rdacarrier 183 $acr$2rdacarrier 200 10$aFertilization /$fRuth Shalgi 210 $aLondon $cHenry Stewart Talks$d2019 215 $a1 online resource (3 minutes) 225 1 $aThe female reproductive system : from basic science to fertility treatments,$x2056-452X 300 $aAnimated audio-visual presentation with synchronized narration. 300 $aTitle from title frames. 327 $aContents: Sperm transport along the male tract -- Sperm transport along the female tract -- Capacitation and acrosome reaction -- Transport of oocytes to the fertilization site -- Penetration through the egg investments -- Recognition, binding and fusion of sperm to the oocyte membrane -- Activation of the oocyte and cortical reaction -- Resumption of the second meiotic division -- Pronuclear development and DNA replication -- Sperm contribution to the developing embryo. 330 $aThis instructional video, from the Anatomy and Physiology series produced by Medcom, Inc, is about fertilization. 410 0$aHenry Stewart talks.$pBiomedical & life sciences collection.$pFemale reproductive system. 606 $aConception 606 $aFertilization (Biology) 606 $aAcrosome Reaction 606 $aDNA Replication 606 $aEmbryonic Structures 606 $aFertilization$xphysiology 606 $aOocytes$xphysiology 606 $aOvum$xphysiology 606 $aSperm Transport 606 $aSpermatozoa$xphysiology 606 $aSperm-Ovum Interactions$xphysiology 615 0$aConception. 615 0$aFertilization (Biology) 615 2$aAcrosome Reaction. 615 2$aDNA Replication. 615 2$aEmbryonic Structures. 615 2$aFertilization$xphysiology. 615 2$aOocytes$xphysiology. 615 2$aOvum$xphysiology. 615 2$aSperm Transport. 615 2$aSpermatozoa$xphysiology. 615 2$aSperm-Ovum Interactions$xphysiology. 700 $aShalgi$b Ruth$p(Tel Aviv University, Israel)$4spk$01743906 712 02$aMedcom, inc., 801 0$bUkLoHST 801 1$bUkLoHST 906 $aVIDEO 912 $a9910887856503321 996 $aFertilization$94172981 997 $aUNINA